| 000 | 00443nam a22001457a 4500 | ||
|---|---|---|---|
| 005 | 20250715162006.0 | ||
| 008 | 250715b |||||||| |||| 00| 0 eng d | ||
| 020 | _a9780863471179 | ||
| 050 |
_aBT 123 _b.456 HOC |
||
| 100 | _aHOCKEN, PETER | ||
| 245 |
_aTHE GLORY AND THE SHAME _bReflections on the 20th Century outpouring of the Holy spirit _cPETER HOCKEN |
||
| 260 |
_aSURREY _bEAGLE PUBLISHING _cc1994 |
||
| 300 | _a204p,; | ||
| 942 |
_2lcc _cBK _n0 |
||
| 999 |
_c6974 _d6974 |
||